| 000 | 00630nam a2200217Ia 4500 | ||
|---|---|---|---|
| 003 | IN-BaIIA | ||
| 008 | 211028s9999 xx 000 0 eng d | ||
| 020 | _a90-277-0662-X | ||
| 040 | _cIIA Library | ||
| 080 |
_a523.985 _bSVE |
||
| 100 |
_aSvestka, Zdenek _98981 |
||
| 245 | 0 |
_aSolar flares _cZdenek Svestka |
|
| 260 |
_aDordrecht _bD. Reidel Publishing _c1976 |
||
| 300 | _axiv, 399p. | ||
| 490 | _aGeophysics and astrophysics monographs; v. 8 | ||
| 650 |
_a Flares _98982 |
||
| 650 |
_a Solar activity _98983 |
||
| 650 |
_a Solar flares _98475 |
||
| 650 |
_aAstronomy and astrophysics thesaurus _91143 |
||
| 942 | _cBK | ||
| 999 |
_c5050 _d5050 |
||